000 00384nam a2200157Ia 4500
005 20240807062225.0
008 240806s9999||||xx |||||||||||||| ||eng||
041 _aeng
082 _a891.433
_bSINP
100 _aSingh Sharad
245 0 _aPichhale panne ki aourate /
_cSingh Sharad
260 _bSamyik Prakashan Delhi
300 _a304
650 _aGeneral Studies
942 _cBK
999 _c12309
_d12309